Catechism of the Catholic Church (Record no. 5716)

MARC details
000 -LEADER
fixed length control field 00672nam a22002177a 4500
003 - CONTROL NUMBER IDENTIFIER
control field OSt
005 - DATE AND TIME OF LATEST TRANSACTION
control field 20260312064820.0
008 - FIXED-LENGTH DATA ELEMENTS--GENERAL INFORMATION
fixed length control field 251117b |||||||| |||| 00| 0 eng d
020 ## - INTERNATIONAL STANDARD BOOK NUMBER
International Standard Book Number 971-8816-15-1.
040 ## - CATALOGING SOURCE
Original cataloging agency DWCL-Main lib
Transcribing agency OC
082 ## - DEWEY DECIMAL CLASSIFICATION NUMBER
Classification number Fil. 268 W924c 1994
110 ## - MAIN ENTRY--CORPORATE NAME
Corporate name or jurisdiction name as entry element World & Life Publiications
245 ## - TITLE STATEMENT
Title Catechism of the Catholic Church
Statement of responsibility, etc. World & Life Publications
260 ## - PUBLICATION, DISTRIBUTION, ETC.
Place of publication, distribution, etc. Manila :
Name of publisher, distributor, etc. Word & Life Publications,
Date of publication, distribution, etc. c1994.
300 ## - PHYSICAL DESCRIPTION
Extent xviii, 828 pages ;
Dimensions 17 cm.
504 ## - BIBLIOGRAPHY, ETC. NOTE
Bibliography, etc. note Includes index.
650 ## - SUBJECT ADDED ENTRY--TOPICAL TERM
Source of heading or term 1. Catechism--Catholic Church.
650 ## - SUBJECT ADDED ENTRY--TOPICAL TERM
Source of heading or term 2. Catholic Church.
710 ## - ADDED ENTRY--CORPORATE NAME
Corporate name or jurisdiction name as entry element CBCP/ECCP
942 ## - ADDED ENTRY ELEMENTS (KOHA)
Source of classification or shelving scheme Dewey Decimal Classification
Koha item type Book-Filipiniana
Edition Definitive ed.
Call number prefix Fil.
Suppress in OPAC No
952 ## - LOCATION AND ITEM INFORMATION (KOHA)
--
952 ## - LOCATION AND ITEM INFORMATION (KOHA)
--
952 ## - LOCATION AND ITEM INFORMATION (KOHA)
--
952 ## - LOCATION AND ITEM INFORMATION (KOHA)
--
952 ## - LOCATION AND ITEM INFORMATION (KOHA)
--
952 ## - LOCATION AND ITEM INFORMATION (KOHA)
--
952 ## - LOCATION AND ITEM INFORMATION (KOHA)
--
952 ## - LOCATION AND ITEM INFORMATION (KOHA)
--
Holdings
Withdrawn status Lost status Source of classification or shelving scheme Damaged status Not for loan Home library Current library Shelving location Date acquired Source of acquisition Cost, normal purchase price Total Checkouts Full call number Barcode Date last seen Copy number Price effective from Koha item type Uniform Resource Identifier
    Dewey Decimal Classification     College Library College Library Filipiniana 08/29/2008 School Fund 369.50   Fil. 268 W924c 1994 CL46133 11/17/2025 c1 11/17/2025 BK - FIL
    Dewey Decimal Classification     College Library College Library Filipiniana 08/29/2008 School Fund 369.50   Fil. 268 W924c 1994 CL46131 11/17/2025 c2 11/17/2025 BK - FIL
    Dewey Decimal Classification     College Library College Library Filipiniana 08/29/2008 School Fund 369.50   Fil. 268 W924c 1994 CL46130 11/17/2025 c3 11/17/2025 BK - FIL
    Dewey Decimal Classification     College Library College Library Filipiniana 08/29/2008 School Fund 369.50   Fil. 268 W924c 1994 CL46126 11/17/2025 c4 11/17/2025 BK - FIL
    Dewey Decimal Classification     College Library College Library Filipiniana 08/29/2008 School Fund 369.50   Fil. 268 W924c 1994 CL46125 11/17/2025 c5 11/17/2025 BK - FIL
    Dewey Decimal Classification     College Library College Library Filipiniana 08/29/2008 School Fund 369.50   Fil. 268 W924c 1994 CL46124 11/17/2025 c6 11/17/2025 BK - FIL
    Dewey Decimal Classification     College Library College Library Filipiniana 06/27/2007 School Fund 345.00   Fil. 268 W924c 1994 CL44852 03/12/2026 c8 11/17/2025 BK - FIL
    Dewey Decimal Classification     College Library College Library Filipiniana 06/27/2007 School Fund 345.00   Fil. 268 W924c 1994 CL44849 03/12/2026 c7 11/17/2025 BK - FIL